[Event "4NCL Division One"]
[Site "Daventry, ENG"]
[Date "2022.10.23"]
[Round "2.43"]
[White "Ledger, Andrew J"]
[Black "Emms, John M"]
[Result "1/2-1/2"]
[WhiteElo "2341"]
[BlackElo "2472"]
[PlyCount "65"]
[EventDate "2022.10.23"]
[WhiteTeam "Blackthorne"]
[BlackTeam "Chessable White Rose 1"]

1. d4 d5 2. c4 dxc4 3. Nf3 Nf6 4. e3 e6 5. Bxc4 c5 6. O-O Nc6 7. Nc3 a6 8. Bb3
cxd4 9. exd4 Be7 10. Bg5 O-O 11. Re1 b5 12. Rc1 Na5 13. Bc2 Bb7 14. Qd3 g6 15.
Ne5 Nc6 16. Qf3 Nxe5 17. Qxb7 Nc4 18. b3 Nd6 19. Qf3 Rc8 20. Bd3 Nd5 21. Bxe7
Nxe7 22. a4 Qa5 23. Bf1 Rc7 24. d5 b4 25. Ne4 Nxe4 26. Rxc7 Qxc7 27. Qxe4 Nxd5
28. Bxa6 Qc3 29. Bc4 Nb6 30. Re3 Qc1+ 31. Re1 Qc3 32. Re3 Qc1+ 33. Re1 1/2-1/2

[Event "4NCL Division One"]
[Site "Daventry, ENG"]
[Date "2022.10.23"]
[Round "2.44"]
[White "Wells, Peter K"]
[Black "Duncan, Chris R"]
[Result "1-0"]
[WhiteElo "2373"]
[BlackElo "2283"]
[PlyCount "45"]
[EventDate "2022.10.23"]
[WhiteTeam "Chessable White Rose 1"]
[BlackTeam "Blackthorne"]

1. d4 d5 2. c4 c6 3. Nf3 Nf6 4. Nc3 dxc4 5. a4 Bf5 6. Ne5 Nbd7 7. Nxc4 Nb6 8.
Ne5 a5 9. h4 h6 10. f3 Nfd7 11. e4 Nxe5 12. exf5 Nec4 13. Qb3 Nd6 14. Bd3 Nd7
15. Be3 Qb6 16. Qc2 Nf6 17. Kf2 Nd5 18. Nxd5 cxd5 19. Rhc1 e6 20. fxe6 fxe6 21.
Qc7 Qxc7 22. Rxc7 Rc8 23. Bb5+ 1-0

[Event "4NCL Division One"]
[Site "Daventry, ENG"]
[Date "2022.10.23"]
[Round "2.45"]
[White "Webb, Laurence E"]
[Black "Camacho Collados, Jose"]
[Result "0-1"]
[WhiteElo "2273"]
[BlackElo "2408"]
[PlyCount "100"]
[EventDate "2022.10.23"]
[WhiteTeam "Blackthorne"]
[BlackTeam "Chessable White Rose 1"]

1. d4 Nf6 2. c4 e6 3. Nc3 d5 4. cxd5 exd5 5. Bg5 c6 6. e3 h6 7. Bxf6 Qxf6 8.
Rc1 Nd7 9. Nf3 Bd6 10. Bd3 O-O 11. O-O Qe7 12. Re1 Nf6 13. Qc2 Bd7 14. a3 Rae8
15. Bf5 Ne4 16. Bxd7 Qxd7 17. Nxe4 Rxe4 18. b4 Rfe8 19. Qd3 Rg4 20. g3 h5 21.
Kg2 Rg6 22. e4 dxe4 23. Rxe4 Rxe4 24. Qxe4 Re6 25. Qd3 Bf8 26. h4 Qd5 27. Qc4
Qxc4 28. Rxc4 Re2 29. d5 cxd5 30. Rc8 g6 31. Rd8 Kg7 32. Rxd5 Kf6 33. Kf1 Ra2
34. Rd7 Rxa3 35. Ng5 Bxb4 36. Rxf7+ Ke5 37. Rxb7 a5 38. Rb6 Ra1+ 39. Kg2 Rb1
40. Rxg6 a4 41. Ra6 a3 42. f4+ Kf5 43. Kh3 Rh1+ 44. Kg2 Rc1 45. Kh3 Rc5 46. Ra7
Ra5 47. Rf7+ Kg6 48. f5+ Rxf5 49. Rxf5 Kxf5 50. Nf3 Bc3 0-1

[Event "4NCL Division One"]
[Site "Daventry, ENG"]
[Date "2022.10.23"]
[Round "2.46"]
[White "Adair, James R"]
[Black "Ledger, Dave J"]
[Result "1-0"]
[WhiteElo "2449"]
[BlackElo "2256"]
[PlyCount "63"]
[EventDate "2022.10.23"]
[WhiteTeam "Chessable White Rose 1"]
[BlackTeam "Blackthorne"]

1. e4 e5 2. Nf3 Nc6 3. Bb5 Nge7 4. Nc3 Ng6 5. d4 exd4 6. Nxd4 Nxd4 7. Qxd4 c6
8. Be2 Qb6 9. Qd3 Be7 10. O-O O-O 11. a4 d6 12. Be3 Qa5 13. Bd2 Qc7 14. Rae1
Kh8 15. Bh5 Be6 16. f4 f5 17. Qh3 Kg8 18. Ne2 Bf6 19. exf5 Qb6+ 20. Be3 Bxf5
21. g4 Qxb2 22. gxf5 Ne7 23. c3 Qc2 24. Nd4 Qxc3 25. Ne6 Rfc8 26. Ng5 Bxg5 27.
fxg5 Rf8 28. f6 Ng6 29. Bxg6 hxg6 30. Qe6+ Kh7 31. f7 Qe5 32. Qh3# 1-0

[Event "4NCL Division One"]
[Site "Daventry, ENG"]
[Date "2022.10.23"]
[Round "2.47"]
[White "Ledger, Stephen C"]
[Black "Ashton, Adam G"]
[Result "1/2-1/2"]
[WhiteElo "2145"]
[BlackElo "2357"]
[PlyCount "101"]
[EventDate "2022.10.23"]
[WhiteTeam "Blackthorne"]
[BlackTeam "Chessable White Rose 1"]

1. d4 d5 2. Bf4 Nf6 3. e3 c5 4. c3 Nc6 5. Nd2 e6 6. Ngf3 cxd4 7. exd4 Nh5 8.
Bg5 f6 9. Bh4 Bd6 10. Ne5 g6 11. Nd3 O-O 12. Be2 Ng7 13. g4 Qc7 14. f4 g5 15.
fxg5 fxg5 16. Bf2 e5 17. dxe5 Nxe5 18. Nxe5 Bxe5 19. h3 Bd7 20. Nf3 Rae8 21.
O-O Bf4 22. Nd4 Be3 23. Kg2 Bxf2 24. Rxf2 Rxf2+ 25. Kxf2 Qh2+ 26. Ke1 Qxh3 27.
Kd2 h5 28. gxh5 Nf5 29. Qg1 Ng3 30. Bf3 Re5 31. Re1 Ne4+ 32. Kc2 g4 33. Qg2
Qxh5 34. Rh1 Qg6 35. Bxe4 Qxe4+ 36. Qxe4 Rxe4 37. Rh5 Bc6 38. Kd3 Kf7 39. b4
Kg6 40. Rh8 Kg7 41. Rc8 g3 42. Nf5+ Kf6 43. Nxg3 Bb5+ 44. Kd2 Rg4 45. Rf8+ Ke5
46. Rf5+ Ke6 47. Rf3 Rh4 48. Nf5 Rh2+ 49. Ke3 Bc4 50. Nd4+ Ke7 51. a4 1/2-1/2

[Event "4NCL Division One"]
[Site "Daventry, ENG"]
[Date "2022.10.23"]
[Round "2.48"]
[White "Sucikova, Svetlana"]
[Black "Varney, Zoe"]
[Result "1-0"]
[WhiteElo "2217"]
[BlackElo "2061"]
[PlyCount "79"]
[EventDate "2022.10.23"]
[WhiteTeam "Chessable White Rose 1"]
[BlackTeam "Blackthorne"]

1. Nf3 d5 2. g3 Nf6 3. Bg2 c6 4. O-O Nbd7 5. d4 e6 6. c4 Bd6 7. Nfd2 O-O 8. Nc3
Bc7 9. e4 dxe4 10. Ndxe4 e5 11. Be3 exd4 12. Bxd4 Nxe4 13. Nxe4 f5 14. Nc5 Nxc5
15. Bxc5 Qxd1 16. Raxd1 Re8 17. Rfe1 Be6 18. b3 Kf7 19. Bd6 Bxd6 20. Rxd6 a5
21. Bf1 Re7 22. f4 Bd5 23. Re5 Be4 24. c5 Rxe5 25. fxe5 Re8 26. Bc4+ Kf8 27. e6
g6 28. Kf2 Bd5 29. Bxd5 cxd5 30. Ke3 a4 31. b4 Ke7 32. Kd4 Kf6 33. Kxd5 g5 34.
e7+ Kf7 35. Ke5 f4 36. Rf6+ Kg7 37. Ke6 fxg3 38. hxg3 Rc8 39. Rf7+ Kg8 40. Rf5
1-0

[Event "4NCL Division One"]
[Site "Daventry, ENG"]
[Date "2022.10.23"]
[Round "2.51"]
[White "Chow, Samuel"]
[Black "Reimanis, Ritvars"]
[Result "0-1"]
[WhiteElo "2332"]
[BlackElo "2504"]
[PlyCount "50"]
[EventDate "2022.10.23"]
[WhiteTeam "Chessable White Rose 2"]
[BlackTeam "Celtic Tigers 1"]

1. d4 Nf6 2. c4 e6 3. Nf3 d5 4. Nc3 dxc4 5. e4 Bb4 6. Bxc4 Nxe4 7. O-O Nxc3 8.
bxc3 Be7 9. Re1 O-O 10. h4 Nd7 11. h5 c5 12. h6 g6 13. Qe2 cxd4 14. cxd4 Nb6
15. Bd3 Bd7 16. Ne5 Nd5 17. Bd2 Bc6 18. Rab1 Bf6 19. Qg4 Ne7 20. Bb4 Bd5 21.
Re3 Re8 22. Rg3 Nf5 23. Bxf5 exf5 24. Qxf5 Bxa2 25. Ra1 Qxd4 0-1

[Event "4NCL Division One"]
[Site "Daventry, ENG"]
[Date "2022.10.23"]
[Round "2.52"]
[White "Gallana, Marco"]
[Black "Wall, Tim P"]
[Result "1-0"]
[WhiteElo "2265"]
[BlackElo "2290"]
[PlyCount "136"]
[EventDate "2022.10.23"]
[WhiteTeam "Celtic Tigers 1"]
[BlackTeam "Chessable White Rose 2"]

1. c4 e5 2. Nc3 Bb4 3. Nd5 Bc5 4. e3 c6 5. d4 Bf8 6. Nc3 d6 7. Nf3 Nd7 8. Be2
Ngf6 9. Qc2 Be7 10. b3 O-O 11. Bb2 Re8 12. O-O Bf8 13. Rfd1 e4 14. Nd2 Qe7 15.
Ba3 g6 16. b4 a6 17. Qb3 Bg7 18. Rac1 h5 19. b5 c5 20. dxc5 Nxc5 21. Bxc5 dxc5
22. Nd5 Nxd5 23. cxd5 axb5 24. Bxb5 Rd8 25. Be2 Bf5 26. Nc4 Qg5 27. Rd2 Rab8
28. a4 h4 29. Bf1 Bg4 30. a5 Rxd5 31. a6 Rxd2 32. Nxd2 Qe7 33. a7 Ra8 34. Qb6
h3 35. g3 Qd8 36. Qxb7 Rxa7 37. Qxa7 Qxd2 38. Qxc5 Kh7 39. Qc2 Qd5 40. Rb1 Bf8
41. Qc4 Qf5 42. Rb7 Kg7 43. Qc3+ Qf6 44. Qxf6+ Kxf6 45. Bc4 Be7 46. Bd5 Bf3 47.
Ra7 g5 48. Ra4 Ke5 49. Bxf7 g4 50. Ra6 Bd6 51. Ra8 Kf6 52. Bd5 Ke5 53. Bb7 Kf6
54. Rg8 Kf7 55. Bd5+ Kf6 56. Re8 Be7 57. Bc4 Bb4 58. Rb8 Bd6 59. Rb2 Be5 60.
Rc2 Kf5 61. Be2 Bd6 62. Kf1 Bb4 63. Bxf3 gxf3 64. Rc4 Bd6 65. Rc8 Be5 66. Re8
Kg4 67. Re7 Kf5 68. Rxe5+ Kxe5 1-0

[Event "4NCL Division One"]
[Site "Daventry, ENG"]
[Date "2022.10.23"]
[Round "2.53"]
[White "Movileanu, Daniela"]
[Black "Pein, Jonathan"]
[Result "0-1"]
[WhiteElo "2170"]
[BlackElo "2236"]
[PlyCount "140"]
[EventDate "2022.10.23"]
[WhiteTeam "Chessable White Rose 2"]
[BlackTeam "Celtic Tigers 1"]

1. e4 c5 2. Nf3 Nc6 3. d4 cxd4 4. Nxd4 g6 5. c4 Bg7 6. Be3 Qb6 7. Nb5 Qa5+ 8.
Bd2 Qd8 9. N1c3 a6 10. Na3 Nf6 11. Be2 O-O 12. O-O d6 13. Nc2 Be6 14. Rb1 Rc8
15. f3 Nd7 16. Nd5 Nd4 17. Bg5 Bxd5 18. exd5 Nxc2 19. Qxc2 Qa5 20. Bxe7 Rfe8
21. Bh4 Qxa2 22. Rfc1 Nb6 23. Bf2 Nxd5 24. Bf1 Ne3 25. Bxe3 Rxe3 26. Qd2 Re6
27. Qb4 Bd4+ 28. Kh1 b6 29. Rd1 Rce8 30. Qd2 Bc5 31. Qc2 Re3 32. Ra1 Qb3 33.
Qxb3 Rxb3 34. Rxa6 Rxb2 35. Raa1 h5 36. Re1 Re6 37. Bd3 Kg7 38. Rab1 h4 39. Be4
Rxb1 40. Rxb1 f5 41. Bd3 Kf6 42. Bf1 Re3 43. f4 Ke6 44. Rd1 Kd7 45. Bd3 Kc7 46.
Bf1 Rc3 47. Ra1 Bf2 48. Be2 Rc2 49. Bf1 Kc6 50. Rd1 Rc3 51. Be2 Rc2 52. Bd3 Rb2
53. Bf1 Kc7 54. Ra1 Rd2 55. g3 hxg3 56. hxg3 Bxg3 57. Ra7+ Kc6 58. Rg7 Rh2+ 59.
Kg1 Rh6 60. Bd3 Bxf4 61. Kf2 Be5 62. Rg8 Kc5 63. Be2 Kd4 64. Bf1 Ke4 65. Bg2+
Kf4 66. Bd5 g5 67. Kg2 g4 68. Bb7 Rf6 69. Bd5 Ke3 70. Rg5 Ke2 0-1

[Event "4NCL Division One"]
[Site "Daventry, ENG"]
[Date "2022.10.23"]
[Round "2.54"]
[White "Zulfic, Fedja"]
[Black "Li, Harry"]
[Result "0-1"]
[WhiteElo "2157"]
[BlackElo "2080"]
[PlyCount "84"]
[EventDate "2022.10.23"]
[WhiteTeam "Celtic Tigers 1"]
[BlackTeam "Chessable White Rose 2"]

1. d4 d5 2. Bf4 Nf6 3. e3 c5 4. c3 e6 5. Nd2 Bd6 6. Bg3 Qc7 7. Ngf3 Nbd7 8. Be2
O-O 9. O-O Bxg3 10. hxg3 e5 11. dxe5 Nxe5 12. Nxe5 Qxe5 13. Qa4 Rd8 14. Qf4
Qxf4 15. gxf4 Bf5 16. f3 h5 17. Kf2 Rac8 18. Rac1 d4 19. cxd4 cxd4 20. e4 d3
21. Rxc8 Bxc8 22. Bd1 Be6 23. a3 g6 24. Ba4 Ne8 25. Rc1 Nd6 26. Ke3 b5 27. Bd1
Nc4+ 28. Nxc4 bxc4 29. Kd2 Rb8 30. Kc3 Kf8 31. Rb1 Ke7 32. Ba4 Kd6 33. b3 Kc5
34. Rb2 h4 35. Rb1 cxb3 36. Kxd3 b2 37. Kc3 Ba2 38. Rxb2 Rxb2 39. Kxb2 Bc4 40.
Bd7 Bf1 41. Kc3 Bxg2 42. Kd3 h3 0-1

[Event "4NCL Division One"]
[Site "Daventry, ENG"]
[Date "2022.10.23"]
[Round "2.55"]
[White "Chan, Sheng Liang Bernard"]
[Black "Quinn, John M"]
[Result "1-0"]
[WhiteElo "2093"]
[BlackElo "2122"]
[PlyCount "119"]
[EventDate "2022.10.23"]
[WhiteTeam "Chessable White Rose 2"]
[BlackTeam "Celtic Tigers 1"]

1. e4 c5 2. Nc3 Nc6 3. g3 g6 4. Bg2 Bg7 5. Nge2 e6 6. O-O Nge7 7. d3 O-O 8. Be3
b6 9. d4 d5 10. exd5 exd5 11. Qd2 Be6 12. Nd1 Rc8 13. c3 Qd6 14. Bf4 Qd7 15.
Be3 Na5 16. b3 Nf5 17. Rc1 Nxe3 18. Nxe3 c4 19. b4 Nc6 20. Nf4 Ne7 21. Rce1
Rce8 22. Qd1 Bh6 23. Qf3 Bxf4 24. Qxf4 Rd8 25. h4 Qd6 26. Qf6 h5 27. Kh2 Kh7
28. Bf3 Ng8 29. Qg5 f6 30. Qf4 Qxf4 31. gxf4 Bf7 32. Rg1 Nh6 33. f5 gxf5 34.
Kg3 Ng4 35. Nxf5 Rfe8 36. Bxg4 hxg4 37. Kxg4 Bg6 38. h5 Bxf5+ 39. Kxf5 a5 40.
a3 a4 41. f4 b5 42. Kxf6 Rf8+ 43. Kg5 Rg8+ 44. Kh4 Rxg1 45. Rxg1 Rf8 46. Kg3
Kh6 47. Kf3 Rd8 48. Rg5 Rd7 49. Rg6+ Kxh5 50. Rb6 Rd8 51. Rxb5 Kg6 52. Kg4 Kf6
53. Rb6+ Ke7 54. Ra6 Rg8+ 55. Kf5 Rg3 56. Rxa4 Rxc3 57. Ke5 Rf3 58. Kxd5 c3 59.
Ra7+ Kd8 60. Kd6 1-0

[Event "4NCL Division One"]
[Site "Daventry, ENG"]
[Date "2022.10.23"]
[Round "2.56"]
[White "Duessler, Stefanie"]
[Black "Townsend, M Paul"]
[Result "0-1"]
[WhiteElo "2093"]
[BlackElo "2145"]
[PlyCount "126"]
[EventDate "2022.10.23"]
[WhiteTeam "Celtic Tigers 1"]
[BlackTeam "Chessable White Rose 2"]

1. e4 e6 2. d4 d5 3. Nd2 c5 4. Ngf3 Nc6 5. exd5 exd5 6. Bb5 Bd6 7. dxc5 Bxc5 8.
Nb3 Bd6 9. O-O Nge7 10. Re1 O-O 11. Bg5 Bg4 12. c3 Re8 13. Qd3 a6 14. Bxc6 bxc6
15. h3 Bh5 16. Nbd4 Qc7 17. Re3 Bg6 18. Qf1 c5 19. Nb3 f6 20. Bh4 Be4 21. Nbd2
Nf5 22. Ree1 g5 23. Bxg5 fxg5 24. Nxe4 dxe4 25. Qc4+ Kg7 26. Nxg5 e3 27. Ne6+
Rxe6 28. Qxe6 exf2+ 29. Kxf2 Bg3+ 30. Ke2 Bxe1 31. Rxe1 Rf8 32. Kd1 Qd6+ 33.
Qxd6 Nxd6 34. Re7+ Rf7 35. Re6 Rf6 36. Re7+ Rf7 37. Re6 Rf6 38. Re7+ Kg6 39.
Rc7 Ne4 40. Ke2 Rf7 41. Rc6+ Rf6 42. Rc7 h5 43. Ke3 Re6 44. Kd3 h4 45. Kc4 Rd6
46. Re7 Kf5 47. Rh7 Kg5 48. Re7 Kf5 49. Rh7 Rg6 50. Rxh4 Rxg2 51. Rh5+ Kf4 52.
Rh6 Rxb2 53. Rxa6 Rc2 54. Ra3 Rh2 55. Kd5 Rxh3 56. Ra4 Rd3+ 57. Kc6 Rxc3 58.
Ra8 Ke3 59. a4 Ra3 60. a5 c4 61. Kb5 c3 62. Kb4 c2 63. Rc8 Rc3 0-1

[Event "4NCL Division One"]
[Site "Daventry, ENG"]
[Date "2022.10.23"]
[Round "2.57"]
[White "Walton, Alan J"]
[Black "Maciol, Ryszard"]
[Result "1/2-1/2"]
[WhiteElo "2088"]
[BlackElo "2119"]
[PlyCount "45"]
[EventDate "2022.10.23"]
[WhiteTeam "Chessable White Rose 2"]
[BlackTeam "Celtic Tigers 1"]

1. d4 Nf6 2. Bg5 e6 3. e4 h6 4. Bxf6 Qxf6 5. c3 e5 6. dxe5 Qxe5 7. Bd3 Bc5 8.
Nf3 Qe7 9. Nbd2 Nc6 10. O-O a6 11. Nb3 O-O 12. Nxc5 Qxc5 13. Bc2 d6 14. Nd4 Bd7
15. Qd3 Rae8 16. e5 g6 17. exd6 Qxd6 18. Nxc6 Qxc6 19. Qd2 Kh7 20. Rfe1 Rxe1+
21. Rxe1 Re8 22. Rxe8 Bxe8 23. Bb3 1/2-1/2

[Event "4NCL Division One"]
[Site "Daventry, ENG"]
[Date "2022.10.23"]
[Round "2.58"]
[White "Kelmendi, Bajrush"]
[Black "Shaw, Peter"]
[Result "1-0"]
[WhiteElo "2051"]
[BlackElo "2079"]
[PlyCount "122"]
[EventDate "2022.10.23"]
[WhiteTeam "Celtic Tigers 1"]
[BlackTeam "Chessable White Rose 2"]

1. c4 f5 2. Nc3 Nf6 3. d3 e5 4. e4 d6 5. Be2 Nc6 6. exf5 Bxf5 7. g4 Be6 8. g5
Nd7 9. h4 Be7 10. Be3 Nd4 11. Bh5+ g6 12. Bf3 Nxf3+ 13. Qxf3 c6 14. Nge2 Nb6
15. Qg3 Qd7 16. O-O-O O-O-O 17. b3 Kb8 18. d4 exd4 19. Nxd4 Ka8 20. Rhe1 Bf7
21. Kb2 Rhe8 22. Nc2 Nc8 23. Bd4 Bf8 24. Ne4 Qf5 25. f3 Qa5 26. Qf4 Qf5 27. Qg3
Qa5 28. Bf6 Rd7 29. Bc3 Qd8 30. Nf6 Rxe1 31. Rxe1 Re7 32. Nxh7 Rxe1 33. Qxe1 d5
34. Qd2 Be7 35. cxd5 Qxd5 36. Qxd5 Bxd5 37. f4 Nd6 38. Ne3 Be4 39. Nf6 Bxf6 40.
gxf6 Nf7 41. Be5 b6 42. Kc3 Kb7 43. Nc4 Kc8 44. Nd6+ Nxd6 45. Bxd6 Bd5 46. Kd4
Kd7 47. Ke5 Bf7 48. Bb8 a5 49. Ba7 b5 50. Bc5 a4 51. bxa4 bxa4 52. a3 Ke8 53.
f5 gxf5 54. Kxf5 Bb3 55. Kg6 Bf7+ 56. Kg7 Bh5 57. Kh6 Bf7 58. h5 Kd7 59. Kg5
Ke6 60. h6 Bg8 61. Kg6 Kd5 1-0

[Event "4NCL Division One"]
[Site "Daventry, ENG"]
[Date "2022.10.23"]
[Round "2.61"]
[White "Rudd, Jack"]
[Black "Speelman, Jon S"]
[Result "0-1"]
[WhiteElo "2324"]
[BlackElo "2493"]
[PlyCount "88"]
[EventDate "2022.10.23"]
[WhiteTeam "West is Best 1"]
[BlackTeam "Wood Green"]

1. d4 Nf6 2. c4 e6 3. Nc3 Bb4 4. f3 c5 5. d5 exd5 6. cxd5 d6 7. e4 O-O 8. Bd3
a6 9. Nge2 Nbd7 10. O-O b5 11. a4 c4 12. Bc2 Bc5+ 13. Nd4 b4 14. Nce2 Ne5 15.
b3 cxb3 16. Bxb3 a5 17. Kh1 Ba6 18. Ra2 Bxd4 19. Qxd4 Rc8 20. Bg5 h6 21. Bh4
Ng6 22. Bg3 Nh5 23. Re1 Bxe2 24. Raxe2 Nxg3+ 25. hxg3 Qg5 26. Kh2 Rc3 27. Re3
Rfc8 28. Bd1 Rxe3 29. Rxe3 Qe5 30. Qxe5 Nxe5 31. f4 Nc4 32. Re2 Kf8 33. Bb3 Nb6
34. e5 Ke7 35. Rd2 Rc3 36. Bd1 Nc4 37. Rd4 Ne3 38. Bf3 b3 39. Rd2 Nc4 40. Rd4
b2 41. Be4 Na3 42. Rd1 Rc1 43. Rd2 b1=Q 44. Bxb1 Rxb1 0-1

[Event "4NCL Division One"]
[Site "Daventry, ENG"]
[Date "2022.10.23"]
[Round "2.62"]
[White "Harvey, Marcus R"]
[Black "Jones, Steven A"]
[Result "1/2-1/2"]
[WhiteElo "2463"]
[BlackElo "2139"]
[PlyCount "122"]
[EventDate "2022.10.23"]
[WhiteTeam "Wood Green"]
[BlackTeam "West is Best 1"]

1. d4 Nf6 2. c4 g6 3. b3 Bg7 4. Bb2 O-O 5. Nf3 c6 6. e3 d5 7. Be2 Bg4 8. O-O a6
9. Nbd2 Nbd7 10. h3 Bxf3 11. Bxf3 b5 12. Qc2 Qb8 13. Rfc1 Rc8 14. Rab1 a5 15.
Ba1 e6 16. Qd3 Qb7 17. Rc2 b4 18. Rbc1 Qa6 19. Qe2 Nb6 20. g4 a4 21. cxd5 Qxe2
22. Bxe2 axb3 23. Nxb3 cxd5 24. Nc5 Ne8 25. Bd1 Nd6 26. Rb1 Nbc4 27. Rxb4 Na3
28. Rc1 Ne4 29. Nd3 Nc4 30. a4 Bf8 31. Rb7 Ba3 32. Rc2 Rcb8 33. Rb5 Rxb5 34.
axb5 Rb8 35. Ra2 Rxb5 36. Bc2 Be7 37. Ra8+ Kg7 38. Nc5 Nxc5 39. dxc5+ Bf6 40.
Bd4 e5 41. Bc3 Rxc5 42. Bb4 Nb6 43. Rb8 Rc8 44. Rxc8 Nxc8 45. Bb3 Nb6 46. Ba5
Nc4 47. Bb4 e4 48. Bc5 Bc3 49. g5 f6 50. Ba4 Ne5 51. gxf6+ Kxf6 52. Kg2 Nd3 53.
Bb6 Ke6 54. Bb5 Ne1+ 55. Kf1 Nf3 56. Be2 Kf5 57. Kg2 Ne1+ 58. Kf1 Nf3 59. Kg2
Ne5 60. Ba6 Ke6 61. Bc7 Kd7 1/2-1/2

[Event "4NCL Division One"]
[Site "Daventry, ENG"]
[Date "2022.10.23"]
[Round "2.63"]
[White "Cooper, John G"]
[Black "Wadsworth, Matthew J"]
[Result "0-1"]
[WhiteElo "2235"]
[BlackElo "2467"]
[PlyCount "60"]
[EventDate "2022.10.23"]
[WhiteTeam "West is Best 1"]
[BlackTeam "Wood Green"]

1. Nf3 d5 2. g3 Nd7 3. Bg2 e5 4. O-O Ngf6 5. c4 dxc4 6. Qa4 Bd6 7. Na3 O-O 8.
Nxc4 Nb6 9. Nxb6 cxb6 10. d4 e4 11. Ne5 Qe7 12. Nc4 Bg4 13. Bg5 Bxe2 14. Rfe1
Bxc4 15. Qxc4 Rac8 16. Qa4 h6 17. Bxf6 Qxf6 18. Bxe4 Rc7 19. Rad1 a6 20. Qb3 b5
21. Re3 Qg5 22. Bd5 g6 23. Kg2 Kg7 24. h4 Qg4 25. Re4 Qf5 26. Rde1 b4 27. R1e3
a5 28. g4 Qf6 29. h5 Qg5 30. hxg6 a4 0-1

[Event "4NCL Division One"]
[Site "Daventry, ENG"]
[Date "2022.10.23"]
[Round "2.64"]
[White "Fitzsimons, David"]
[Black "Redmond, John P."]
[Result "1-0"]
[WhiteElo "2397"]
[BlackElo "2201"]
[PlyCount "142"]
[EventDate "2022.10.23"]
[WhiteTeam "Wood Green"]
[BlackTeam "West is Best 1"]

1. e4 e6 2. d4 d5 3. Nc3 Bb4 4. Nge2 dxe4 5. a3 Bxc3+ 6. Nxc3 Nc6 7. d5 exd5 8.
Qxd5 Be6 9. Qxe4 Nf6 10. Qa4 Qd4 11. Bb5 Qxa4 12. Bxa4 O-O 13. Bf4 Nd5 14. Nxd5
Bxd5 15. f3 Rfe8+ 16. Kf2 Re7 17. Rhe1 Be6 18. Rad1 h6 19. h4 Kf8 20. Rd3 Rd8
21. Rxd8+ Nxd8 22. Rd1 Nc6 23. Bxc6 bxc6 24. Be3 Rd7 25. Rxd7 Bxd7 26. Bxa7 Bf5
27. c3 Ke8 28. h5 Bc2 29. Bd4 f6 30. Be3 Bb3 31. Bf4 Kd7 32. Ke3 Bf7 33. g4 Bb3
34. Kf2 Bc2 35. Be3 Ke6 36. Bd4 Bd1 37. Kg3 Kf7 38. b4 Bc2 39. Kf4 Bd1 40. Kg3
Bc2 41. Kh4 Bd1 42. f4 Bc2 43. g5 fxg5+ 44. fxg5 hxg5+ 45. Kxg5 Bd1 46. Be5 Bb3
47. Bxc7 Bd1 48. Bb6 Bc2 49. Bc5 Bd1 50. Kf5 Bxh5 51. Ke5 Bd1 52. Kd6 Ba4 53.
Be3 Kf6 54. Bd4+ Kf7 55. c4 g5 56. Be5 Ke8 57. Kc7 g4 58. Bg3 Ke7 59. Kb7 Kd7
60. Bf4 Kd8 61. Bc7+ Kd7 62. Bg3 Kd8 63. Bh4+ Kd7 64. b5 cxb5 65. c5 Bc2 66.
c6+ Kd6 67. Kb6 Kd5 68. c7 Bf5 69. Kxb5 Kd6 70. Kb6 Bc8 71. Bg3+ Kd5 1-0

[Event "4NCL Division One"]
[Site "Daventry, ENG"]
[Date "2022.10.23"]
[Round "2.65"]
[White "Blackburn, Jonathan L B"]
[Black "Greet, Andrew N"]
[Result "0-1"]
[WhiteElo "2159"]
[BlackElo "2423"]
[PlyCount "88"]
[EventDate "2022.10.23"]
[WhiteTeam "West is Best 1"]
[BlackTeam "Wood Green"]

1. d4 e6 2. c4 f5 3. g3 Nf6 4. Bg2 d5 5. Nh3 Bd6 6. O-O O-O 7. Nc3 c6 8. Bf4
Be7 9. Qc2 Na6 10. a3 h6 11. Rad1 g5 12. Bc1 Qe8 13. c5 Nc7 14. b4 b6 15. f3
Ba6 16. Nf2 Bc4 17. Rfe1 bxc5 18. dxc5 Qg6 19. Nd3 Nd7 20. e4 fxe4 21. fxe4 Bf6
22. Qd2 Bb3 23. e5 Bg7 24. Bb2 Bxd1 25. Nxd1 a5 26. Ne3 axb4 27. Nxb4 Nxc5 28.
Ng4 Na4 29. Nxc6 Rf7 30. Bd4 Nb5 31. Ba1 Nxa3 32. Nf6+ Kh8 33. Nd4 Nc4 34. Qe2
Nc5 35. Nxe6 Nxe6 36. Bxd5 Rxa1 37. Be4 Rxe1+ 38. Qxe1 Rxf6 39. Bxg6 Rxg6 40.
Qe4 Nxe5 41. h3 Rf6 42. Qa8+ Rf8 43. Qd5 Nd4 44. Kg2 Nf5 0-1

[Event "4NCL Division One"]
[Site "Daventry, ENG"]
[Date "2022.10.23"]
[Round "2.66"]
[White "McDonald, Neil"]
[Black "Kett, Tim"]
[Result "1-0"]
[WhiteElo "2410"]
[BlackElo "2191"]
[PlyCount "119"]
[EventDate "2022.10.23"]
[WhiteTeam "Wood Green"]
[BlackTeam "West is Best 1"]

1. e4 e5 2. Nf3 Nc6 3. Bb5 a6 4. Ba4 Nf6 5. Qe2 d6 6. Bxc6+ bxc6 7. d4 exd4 8.
Nxd4 c5 9. Nf3 Be7 10. O-O O-O 11. Nc3 Bb7 12. Rd1 Nd7 13. Nd5 Bxd5 14. exd5
Bf6 15. c3 Re8 16. Qd3 Qe7 17. Be3 Ne5 18. Nxe5 Qxe5 19. Rab1 Qe4 20. c4 a5 21.
a4 Qh4 22. b3 Re7 23. Qf5 g6 24. Qf3 Bd4 25. Bxd4 cxd4 26. g3 Qe4 27. Qxe4 Rxe4
28. Kf1 Rb8 29. Rd3 Kg7 30. Rbd1 f5 31. Re1 Kf6 32. f3 Rxe1+ 33. Kxe1 Ke5 34.
Kd2 g5 35. Kc2 g4 36. fxg4 fxg4 37. Rd1 d3+ 38. Rxd3 Rf8 39. Rd2 h5 40. b4 axb4
41. Kb3 Rf1 42. Kxb4 Rb1+ 43. Kc3 Rc1+ 44. Kb3 Rb1+ 45. Rb2 Ra1 46. Ra2 Rb1+
47. Kc2 Rh1 48. Kc3 Rc1+ 49. Rc2 Ra1 50. Re2+ Kf5 51. Kb3 Rb1+ 52. Rb2 Ra1 53.
Kb4 Ke4 54. a5 Kd4 55. Kb5 Kc3 56. Rb4 Ra2 57. Ra4 Rb2+ 58. Kc6 Kb3 59. Ra1
Kxc4 60. a6 1-0

[Event "4NCL Division One"]
[Site "Daventry, ENG"]
[Date "2022.10.23"]
[Round "2.67"]
[White "Macfarlane, Donald"]
[Black "Toma, Katarzyna"]
[Result "1-0"]
[WhiteElo "2117"]
[BlackElo "2390"]
[PlyCount "83"]
[EventDate "2022.10.23"]
[WhiteTeam "West is Best 1"]
[BlackTeam "Wood Green"]

1. c4 Nf6 2. g3 g6 3. Bg2 d5 4. cxd5 Nxd5 5. d4 Bg7 6. e4 Nb6 7. Ne2 c5 8. d5
O-O 9. h4 e6 10. Bg5 Qd7 11. Nbc3 exd5 12. exd5 Na6 13. d6 f6 14. Bf4 Qf7 15.
b3 Be6 16. O-O Rfd8 17. Qd3 Nb4 18. Qf3 N6d5 19. Rad1 Nxc3 20. Nxc3 Rd7 21. Nb5
g5 22. hxg5 fxg5 23. Bxg5 Qxf3 24. Bxf3 Rf8 25. Nc7 Bxb3 26. Bg4 Bxd1 27. Bxd7
Bf3 28. Be7 Rb8 29. Be6+ Kh8 30. d7 Nc6 31. Bxc5 Be5 32. Ne8 b6 33. Be3 Nd8 34.
Bf5 Kg8 35. Rc1 Nc6 36. Bg5 h5 37. Nf6+ Kf7 38. Ne4 Bxe4 39. Bxe4 Ne7 40. Bc2
Rd8 41. Bb3+ Kf8 42. Be6 1-0

[Event "4NCL Division One"]
[Site "Daventry, ENG"]
[Date "2022.10.23"]
[Round "2.68"]
[White "Haydon, David L"]
[Black "O'Gorman, Alice"]
[Result "1-0"]
[WhiteElo "2361"]
[BlackElo "2001"]
[PlyCount "65"]
[EventDate "2022.10.23"]
[WhiteTeam "Wood Green"]
[BlackTeam "West is Best 1"]

1. Nf3 d5 2. e3 c5 3. b3 Nc6 4. Bb2 Nf6 5. Be2 e6 6. O-O Be7 7. d4 O-O 8. dxc5
Bxc5 9. c4 dxc4 10. Qc1 Qe7 11. Qxc4 e5 12. Rc1 Bb6 13. Ba3 Qe8 14. Bxf8 Qxf8
15. Nc3 Bf5 16. Bd3 Bxd3 17. Qxd3 Rd8 18. Qf5 Qe7 19. Rd1 g6 20. Rxd8+ Bxd8 21.
Qc2 Nb4 22. Qe2 e4 23. Nd4 Bb6 24. Rd1 Nd7 25. a3 Na6 26. b4 Kg7 27. Qb5 Nf6
28. Nd5 Nxd5 29. Qxd5 Bc7 30. Nb5 Bb8 31. Qd7 Qe5 32. Qd4 Qxd4 33. Rxd4 1-0

[Event "4NCL Division One"]
[Site "Daventry, ENG"]
[Date "2023.01.15"]
[Round "4.11"]
[White "Chow, Samuel"]
[Black "Pert, Nicholas"]
[Result "0-1"]
[WhiteElo "2318"]
[BlackElo "2540"]
[PlyCount "108"]
[EventDate "2023.01.15"]
[WhiteTeam "Chessable White Rose 2"]
[BlackTeam "Cheddleton"]

1. d4 d5 2. c4 c6 3. Nc3 Nf6 4. e3 Bf5 5. cxd5 cxd5 6. Qb3 Nc6 7. Qxb7 Bd7 8.
Qb3 Rb8 9. Qd1 e5 10. dxe5 Nxe5 11. Be2 Bd6 12. Nf3 Nxf3+ 13. Bxf3 Qc7 14. h3
O-O 15. O-O Rfd8 16. Qe2 Bh2+ 17. Kh1 Be5 18. a4 Be6 19. Rd1 Rb4 20. Nb5 Qd7
21. Kg1 Rh4 22. Nd4 Bb8 23. Nxe6 Qxe6 24. Rd4 Qe5 25. Qd1 Rxd4 26. exd4 Qh2+
27. Kf1 Re8 28. Be3 h5 29. Rc1 Bf4 30. Ke2 g5 31. Kd2 g4 32. hxg4 hxg4 33. Bxd5
Qh4 34. Bxf4 Qxf2+ 35. Kd3 Qxf4 36. Bc4 Qf2 37. Kc3 Re3+ 38. Bd3 Qxg2 39. Qc2
Qd5 40. Kd2 Qg2+ 41. Kc3 Qf3 42. b3 Kg7 43. Rg1 g3 44. a5 Ne4+ 45. Kc4 Nd6+ 46.
Kc5 Nb7+ 47. Kc4 Nd6+ 48. Kc5 Rxd3 49. Kxd6 Rxd4+ 50. Kc7 Qf4+ 51. Kb7 Rb4+ 52.
Kc6 Qf6+ 53. Kc7 Qe7+ 54. Kc6 Qb7+ 0-1